Pro D3.js Use D3.js to Create Maintainable, Modular, and Testable Charts /

Go beyond the basics of D3.js to create maintainable, modular, and testable charts and to package them into a library that can be distributed as open source software or kept for private use. This book will show you how to transform regular D3.js chart code into reusable and extendable modules. You k...

Πλήρης περιγραφή

Λεπτομέρειες βιβλιογραφικής εγγραφής
Κύριος συγγραφέας: Iglesias, Marcos (Συγγραφέας, http://id.loc.gov/vocabulary/relators/aut)
Συγγραφή απο Οργανισμό/Αρχή: SpringerLink (Online service)
Μορφή: Ηλεκτρονική πηγή Ηλ. βιβλίο
Γλώσσα:English
Έκδοση: Berkeley, CA : Apress : Imprint: Apress, 2019.
Έκδοση:1st ed. 2019.
Θέματα:
Διαθέσιμο Online:Full Text via HEAL-Link
LEADER 02988nam a2200421 4500
001 978-1-4842-5203-1
003 DE-He213
005 20191220130901.0
007 cr nn 008mamaa
008 191031s2019 xxu| s |||| 0|eng d
020 |a 9781484252031  |9 978-1-4842-5203-1 
024 7 |a 10.1007/978-1-4842-5203-1  |2 doi 
040 |d GrThAP 
050 4 |a QA76.6-76.66 
072 7 |a UMW  |2 bicssc 
072 7 |a COM060160  |2 bisacsh 
072 7 |a UMW  |2 thema 
082 0 4 |a 006.76  |2 23 
100 1 |a Iglesias, Marcos.  |e author.  |4 aut  |4 http://id.loc.gov/vocabulary/relators/aut 
245 1 0 |a Pro D3.js  |h [electronic resource] :  |b Use D3.js to Create Maintainable, Modular, and Testable Charts /  |c by Marcos Iglesias. 
250 |a 1st ed. 2019. 
264 1 |a Berkeley, CA :  |b Apress :  |b Imprint: Apress,  |c 2019. 
300 |a XXI, 223 p. 47 illus., 45 illus. in color.  |b online resource. 
336 |a text  |b txt  |2 rdacontent 
337 |a computer  |b c  |2 rdamedia 
338 |a online resource  |b cr  |2 rdacarrier 
347 |a text file  |b PDF  |2 rda 
505 0 |a 1. Introduction to Data Visualizations with D3.js -- 2. An Archetypal D3.js Chart -- 3. D3.js Code Encapsulation APIs -- 4. The Reusable API -- 5. Making the Bar Chart Production-Ready -- 6. Britecharts -- 7. Using and Customizing Britecharts -- 8. Extending a Chart -- 9. Testing Your Charts -- 10. Building Your Library -- 11. Creating Documentation -- 12. Using Your Library with React. . 
520 |a Go beyond the basics of D3.js to create maintainable, modular, and testable charts and to package them into a library that can be distributed as open source software or kept for private use. This book will show you how to transform regular D3.js chart code into reusable and extendable modules. You know the basics of working with D3.js, but it's time to become a professional D3.js practitioner. This book is your launching pad to refactoring code, composing complex visualizations from small components, working as a team with other developers, and integrating charts with a Continuous Integration system. You'll begin by creating a production-ready chart using D3.js v5, ES2015, and a test-driven approach and then move on to using and extending Britecharts, the reusable charting library based on Reusable API patterns. Finally, you'll see how to use D3.js along with React to document and build your charts to compose a charting library you can release into the NPM repository. With Pro D3.js, you'll become an accomplished D3.js developer in no time. 
650 0 |a Computer programming. 
650 1 4 |a Web Development.  |0 http://scigraph.springernature.com/things/product-market-codes/I29050 
710 2 |a SpringerLink (Online service) 
773 0 |t Springer eBooks 
776 0 8 |i Printed edition:  |z 9781484252024 
776 0 8 |i Printed edition:  |z 9781484252048 
856 4 0 |u https://doi.org/10.1007/978-1-4842-5203-1  |z Full Text via HEAL-Link 
912 |a ZDB-2-CWD 
950 |a Professional and Applied Computing (Springer-12059)